Spon's estimating costs guide to finishings (Record no. 104194)

MARC details
000 -LEADER
fixed length control field 00978cad a22002415a 4500
001 - CONTROL NUMBER
control field L129441
008 - FIXED-LENGTH DATA ELEMENTS--GENERAL INFORMATION
fixed length control field 050419s2005 xxk f 000 0 eng u
020 ## - INTERNATIONAL STANDARD BOOK NUMBER
International Standard Book Number 0415344115
-- 9780203011201
035 ## - SYSTEM CONTROL NUMBER
System control number (Sirsi) u129441
041 ## - LANGUAGE CODE
Language code of text/sound track or separate title eng
050 ## - LIBRARY OF CONGRESS CALL NUMBER
Classification number 692.5
-- 22
100 ## - MAIN ENTRY--PERSONAL NAME
Personal name Spain, Bryan
245 ## - TITLE STATEMENT
Title Spon's estimating costs guide to finishings
Remainder of title painting, decorating, plastering and tiling - unit rates and project costs
260 ## - PUBLICATION, DISTRIBUTION, ETC.
Place of publication, distribution, etc. London
Name of publisher, distributor, etc. Taylor and Francis
Date of publication, distribution, etc. 2005
300 ## - PHYSICAL DESCRIPTION
Extent xxi, 254p.
Dimensions 22cm.
350 ## - PRICE (NR) (BK AM CF MU VM SE) [OBSOLETE]
Price 24.99
490 ## - SERIES STATEMENT
Series statement Spon's Contractors' Handbooks
520 ## - SUMMARY, ETC.
Summary, etc. Intends to provide accurate cost data for small plastering and painting firms to enable them to prepare estimates and quotations more quickly and accurately. Includes typical project costs for: painting and wallpapering; plasterwork; external work; floor and wall tiles; and rendering.
590 ## - LOCAL NOTE (RLIN)
Local note IKA190505
690 ## - LOCAL SUBJECT ADDED ENTRY--TOPICAL TERM (OCLC, RLIN)
Topical term or geographic name as entry element BUILT ENVIRONMENT-BUILDING COSTS
942 ## - ADDED ENTRY ELEMENTS (KOHA)
Suppress in OPAC 0
Holdings
Withdrawn status Lost status Source of classification or shelving scheme Damaged status Not for loan Home library Current library Shelving location Date acquired Cost, normal purchase price Total Checkouts Full call number Barcode Date last seen Date last checked out Copy number Cost, replacement price Price effective from Koha item type
    Dewey Decimal Classification     London London Books 11/05/2005 21.24 11 692.5 SPA 30069915 06/08/2019 17/03/2009 1 21.24 06/08/2019 Book